000 00703nam a2200241 a 4500
001 19036
003 CO-ViMGA
008 141112s2004 ck r 000 u spa d
020 _a9684630212
040 _aCO-ViMGA
_bspa
_cCO-ViMGA
082 0 4 _a631.523 R393f
100 1 _aReyes Castañeda, Pedro
_94719
245 1 0 _aFitogenotecnia básica y aplicada
260 _aMexico :
_bA.G.T.; 1985
300 _a460 p.
590 _aForma de adquisición : Proyecto 2005 - - Precio :
_ 53.100
650 1 4 _aGENética CUANTITATIVA
_927280
650 1 4 _aGENética VEGETAL
_917956
650 1 4 _aHETEROSIS
_927281
650 1 4 _aHIBRIDACION
_922664
650 1 4 _aMEJORAMIENTO GENETICO
_927282
942 _2ddc
_cBK
999 _c28223
_d28223